000
00335nam a2200157Ia 4500
001
28229
003
IN-NITTTR
005
20251114233349.0
008
251113s9999||||xx |||||||||||||| ||eng||
040
_b
eng
040
_c
IN-NITTTR
041
_a
eng
082
_a
294.5924 M58S H
245
0
_a
Saral Gita Rahasy /
942
_2
ddc
_c
BK
999
_c
30857
_d
30857